000 00449nam a22001697a 4500
999 _c3691
_d3691
003 GBCCL
005 20241126110501.0
008 171201b xxu||||| |||| 00| 0 eng d
040 _cgbc
082 _aVER 248.4
_bPUD
100 _aPudaite, Rochunga
_93788
245 _aKipahna Thuguk /
_cRochunga Pudaite
260 _aAizawl:
_bPartnership Publishing House,
_c2010
300 _a95p.;
_c18 cm.
650 _aChristian life
_9183
942 _2ddc
_cBK
_02